|
|
|
|
| LEADER |
03048nam a2200697 i 4500 |
| 001 |
nkc20233543735 |
| 003 |
CZ PrNK |
| 005 |
20231213165127.0 |
| 007 |
ta |
| 008 |
230814s2023 xr ach f 001 iccze |
| 015 |
|
|
|a cnb003543735
|
| 020 |
|
|
|a 978-80-7694-017-8
|q (vázáno)
|
| 035 |
|
|
|a (OCoLC)1402156428
|
| 040 |
|
|
|a OLA001
|b cze
|e rda
|
| 041 |
0 |
|
|a cze
|a ger
|b eng
|
| 043 |
|
|
|a e-au---
|
| 045 |
|
|
|a u6u8
|
| 072 |
|
7 |
|a 929.5/.9
|x Genealogie. Heraldika. Šlechta. Vlajky
|2 Konspekt
|9 8
|
| 080 |
|
|
|a 929.731
|2 MRF
|
| 080 |
|
|
|a 929.7
|2 MRF
|
| 080 |
|
|
|a 005.91:82-6
|2 MRF
|
| 080 |
|
|
|a (436)
|2 MRF
|
| 080 |
|
|
|a (044)
|2 MRF
|
| 080 |
|
|
|a (0.072)
|2 MRF
|
| 100 |
0 |
|
|a Leopold
|b I.,
|c římsko-německý císař,
|d 1640-1705
|7 jn20000701036
|4 crp
|4 rcp
|
| 245 |
1 |
0 |
|a Korespondence císaře Leopolda I. s Janem Adolfem ze Schwarzenberku z let 1662-1683 /
|c Rostislav Smíšek (ed.)
|
| 250 |
|
|
|a Vydání první
|
| 264 |
|
1 |
|a České Budějovice :
|b Jihočeská univerzita v Českých Budějovicích, Filozofická fakulta,
|c 2023
|
| 300 |
|
|
|a 262 stran :
|b ilustrace (některé barevné), portréty, faksimile ;
|c 27 cm
|
| 336 |
|
|
|a text
|b txt
|2 rdacontent
|
| 337 |
|
|
|a bez média
|b n
|2 rdamedia
|
| 338 |
|
|
|a svazek
|b nc
|2 rdacarrier
|
| 490 |
1 |
|
|a Prameny k českým dějinám 16.-18. století. Řada B =
|a Documenta res gestas Bohemicas saeculorum XVI.-XVIII. illustrantia. Series B ;
|v sv. XII
|
| 500 |
|
|
|a 200 výtisků
|
| 504 |
|
|
|a Obsahuje bibliografii, bibliografické odkazy a rejstříky
|
| 546 |
|
|
|a Částečně německý text, anglické resumé
|
| 600 |
0 |
7 |
|a Leopold
|b I.,
|c římsko-německý císař,
|d 1640-1705
|7 jn20000701036
|2 czenas
|
| 600 |
1 |
7 |
|a Schwarzenberg, Johann Adolph von,
|d 1615-1683
|7 xx0277128
|2 czenas
|
| 600 |
0 |
9 |
|a Leopold
|b I.,
|c Holy Roman Emperor,
|d 1640-1705
|2 eczenas
|
| 648 |
|
4 |
|a 1662-1683
|
| 648 |
|
7 |
|a 17. století
|7 ch460555
|2 czenas
|
| 650 |
0 |
7 |
|a panovníci
|7 ph117250
|z Rakousko
|y 17. století
|2 czenas
|
| 650 |
0 |
7 |
|a šlechtici
|7 ph127824
|z Rakousko
|y 17. století
|2 czenas
|
| 650 |
0 |
7 |
|a úřední korespondence
|7 ph128376
|z Rakousko
|y 17. století
|2 czenas
|
| 650 |
0 |
7 |
|a panovnické dvory
|7 ph123931
|z Rakousko
|y 17. století
|2 czenas
|
| 650 |
0 |
9 |
|a kings and rulers
|z Austria
|y 17th century
|2 eczenas
|
| 650 |
0 |
9 |
|a noblemen
|z Austria
|y 17th century
|2 eczenas
|
| 650 |
0 |
9 |
|a official correspondence
|z Austria
|y 17th century
|2 eczenas
|
| 650 |
0 |
9 |
|a courts and courtiers
|z Austria
|y 17th century
|2 eczenas
|
| 655 |
|
7 |
|a korespondence
|7 fd132681
|2 czenas
|
| 655 |
|
7 |
|a komentovaná vydání
|7 fd132577
|2 czenas
|
| 655 |
|
9 |
|a correspondence
|2 eczenas
|
| 655 |
|
9 |
|a annotated editions
|2 eczenas
|
| 700 |
1 |
|
|a Schwarzenberg, Johann Adolph von,
|d 1615-1683
|7 xx0277128
|4 crp
|4 rcp
|
| 700 |
1 |
|
|a Smíšek, Rostislav,
|d 1977-
|7 pna2008456613
|4 edt
|
| 830 |
|
0 |
|a Prameny k českým dějinám 16.-18. století.
|p Řada B
|0 s
|
| 910 |
2 |
|
|a BOA001
|b 3-1513.320
|
| 990 |
|
|
|a BK
|
| 995 |
|
|
|a 01
|
| 991 |
|
|
|b 202309
|c NOV
|
| 996 |
6 |
|
|b 2610947413
|c 3-1513.320
|l MZK
|r Sklad / do 1 hodiny
|n 0
|p p.v.
|w 001937306
|u 000010
|a 1
|e BOA001
|j MZK50
|s P
|